[Event "FRA-chT poule haute"]
[Site "France"]
[Date "2003.05.08"]
[Round "9.4"]
[White "Flear, Glenn C"]
[Black "Bacrot, Etienne"]
[Result "1/2-1/2"]
[WhiteElo "2503"]
[BlackElo "2671"]
[Annotator "Roiz,M"]
[PlyCount "65"]
[EventDate "2003.05.07"]
[EventType "team"]
[EventRounds "4"]
[EventCountry "FRA"]
[SourceTitle "CBM 095"]
[Source "ChessBase"]
[SourceDate "2003.07.25"]
[SourceVersion "1"]
[SourceVersionDate "2003.07.25"]
[SourceQuality "1"]
[WhiteTeam "Montpellier"]
[BlackTeam "Paris NAO"]
[WhiteTeamCountry "FRA"]
[BlackTeamCountry "FRA"]

1. d4 d6 2. e4 Nf6 3. Nc3 g6 4. Bg5 Bg7 5. f4 ({More popular is} 5. Qd2) 5...
O-O ({Another popular line is:} 5... h6 6. Bh4 c5 7. e5 (7. dxc5 Qa5 8. Bd3
Qxc5 9. Qd2 Nc6 10. Nge2 O-O 11. O-O-O Nb4 12. Kb1 Be6 13. Rhf1 Qa5 14. a3 Nxd3
15. cxd3 Rfc8 16. h3 $132 {1-0 Yermolinsky,A-Gulko,B/USA-ch Parsippany 1996})
7... Nh5 8. dxc5 Nxf4 9. exd6 g5 10. Bf2 O-O (10... Nc6 11. Nge2 O-O 12. Nxf4
gxf4 13. Be2 exd6 14. O-O dxc5 15. Bxc5 Re8 16. Qxd8 Rxd8 17. Rxf4 $16 {
1-0 Hodgson,J-Vovsha,E/World op 29th 2001}) 11. Qd2 exd6 12. O-O-O Bg4 (12...
Nc6 $5 13. Qxd6 Bf5 $44 {Stohl}) 13. Nf3 Nc6 14. cxd6 (14. h4 dxc5 15. hxg5
Qxd2+ 16. Rxd2 hxg5 17. Nxg5 b6 18. g3 Ne6 19. Nxe6 Bxe6 20. Bg2 Rac8 21. Nd5
Rfd8 22. c3 Kf8 23. Rhd1 Ne5 $11 {1/2-1/2 Nijboer,F-Bogdanovski,V/EU-ch Ohrid
2001}) 14... Rc8 (14... Qf6 $5 $44 {Stohl}) 15. h4 Nb4 16. Bd4 $16 {1-0
Sorokin,M-Jansa,V/Ostrava 1992}) 6. Qd2 a6 {Quite a rare continuation.In my
opinion,this move is not bad against 4.Bg5 system.} ({The main is} 6... c6) (
6... Nbd7 7. e5 Ne8 8. Nf3 Nb6 9. Bh4 Bh6 10. Bd3 (10. O-O-O dxe5 11. Nxe5 f6
12. Nf3 Nd6 13. Kb1 Bg4 $13) 10... Ng7 11. O-O Bf5 12. Rae1 dxe5 13. Rxe5 f6
14. Re2 Bxd3 15. Qxd3 Bxf4 16. Qe4 g5 17. Bf2 c6 18. Qxe7 Qxe7 19. Rxe7 Rab8
$11 {1/2-1/2 Ivanchuk,V-Azmaiparashvili,Z/Bled ol (Men) 2002}) 7. Bd3 (7. a4 c6
(7... Nc6 $1 8. d5 Nb4 $132 {[%cal Gc7c6]}) 8. a5 $6 (8. Bd3 $142 $14) 8... b5
9. axb6 Qxb6 10. e5 Nd5 11. Na4 $2 (11. Nxd5 cxd5 12. Bxe7 Re8 $132) 11... Qb7
12. Nf3 f6 13. Bh4 Bh6 $17 {1/2-1/2 Borngaesser,R-Steil,J/NRW-Liga I Germany
1987}) 7... Nc6 $5 $146 {An interesting novelty! After 7.Bd3 black has always .
..Nb4,so he can put his knight on good square.This move is very logical,
because white's bishop is not on e3 and white has to defend on the pawn d4.} (
7... b5 8. e5 Ne8 9. Nf3 Bb7 10. O-O Nd7 11. Be4 Bxe4 12. Nxe4 Nb6 13. Rae1 $14
{1/2-1/2 Liberzon,V-Garcia Gonzales,G/Nice ol (Men) fin-B 1974}) 8. Nf3 ({} 8.
Nge2 Nb4 $5 9. Bc4 b5 10. Bb3 c5 11. a3 Nc6 $13) (8. d5 Nb4 9. Be2 a5 10. Nf3
c6 11. a3 Na6 $13) 8... Bg4 9. d5 (9. Be2 d5 $1 10. Bxf6 exf6 11. exd5 (11.
Nxd5 $2 f5 $17 {[%csl Rd4,Re4]}) 11... Nb4 12. O-O Nxd5 13. Nxd5 Qxd5 $11 {
Black is not worse due to pair of the bishops.}) 9... Nb4 10. Be2 a5 11. O-O ({
Deserves attention is} 11. h3 $5 Bd7 (11... Bxf3 $6 12. Bxf3 c6 $2 13. a3 Na6
14. dxc6 bxc6 15. e5 {[%csl Rc6]} Nd5 (15... dxe5 16. fxe5 Qxd2+ 17. Bxd2 $16 {
[%csl Ra5,Rc6]}) 16. Bxd5 cxd5 17. Nxd5 $16) 12. a3 Na6 13. e5 Ne8 (13... Nh5
14. Bh4 Bh6 15. g3 $14) 14. Bh4 $14 {The position is very complicated,but i
think that white is slighty better.}) 11... c6 12. a3 Na6 13. dxc6 bxc6 {
[%cal Ga8b8] Now black gets an opportunity to pressurize on the pawn b2.} 14.
h3 Bxf3 15. Bxf3 {White has a pair of the bishops but his pawn structure is
slighty worse.} Nd7 {[%csl Rb2][%cal Gd8b6,Gb6b2] Black wants to put his
knight on b6-he will provoke ...b2-b3. After that he could play a5-a4 with
good counterplay. By the way, he has created the threat of 16...Qb6+.} (15...
Rb8 $5 16. Rab1 Qc7 17. Kh1 Nc5 $11 {[%cal Gb8b7,Gf8b8]}) 16. Kh1 Nb6 17. e5 {
[%csl Gf3,Rg7] White must play very energetically, otherwise he may be just
worse.} (17. b3 $6 a4 $15) 17... d5 $6 {After that move white has some time to
coordinate his pieces.Better was to keep the pressure in the centre.} (17...
Qc7 18. exd6 exd6 19. b3 d5 20. f5 $13) 18. b3 Qc7 (18... f6 $6 19. exf6 exf6
20. Bh4 $14 {[%csl Rb6][%cal Gh4f2]}) 19. a4 {Preventing black's counterplay
on the quuen side and fixing the weakness on a5.} (19. Bh4 $5 a4 (19... f6 20.
exf6 exf6 (20... Bxf6 21. Bxf6 exf6 22. Rfe1 $14 {[%csl Ra6,Rb6]}) 21. f5 $14 {
[%csl Rg7]}) 20. Bf2 axb3 21. cxb3 Rfd8 22. Rfc1 Qb7 23. Ne2 $14) 19... f6 (
19... Nc5 20. Bh4 f5 {[%csl Re4][%cal Gc5e4]} 21. exf6 Bxf6 22. Bxf6 exf6 (
22... Rxf6 23. Nxd5 cxd5 24. Bxd5+ $16 {[%csl Ra8]}) 23. Qe3 Qd6 24. Rfe1 $14)
20. exf6 exf6 21. Bh4 f5 22. Rae1 Rae8 23. Ne2 Nc5 {[%csl Re4][%cal Gc5e4]
Black has no time to defend on his weak pawn a5.} (23... Nd7 24. Nd4 {[%cal
Gd4c6,Gd4e6]} Bxd4 $8 25. Qxd4 Nb4 26. Re7 $1 Rxe7 27. Bxe7 Re8 (27... Nxc2 $2
28. Qc3 $18 {[%cal Gf3d5]}) 28. Bxb4 axb4 29. Qxb4 $16) 24. Qxa5 Ne4 25. Bf2 $1
{Now black must change his strongest piece-the Ne4!} (25. Qb4 $6 Re6 26. a5 Nd7
$44) 25... Nxf2+ 26. Rxf2 Re3 {The knight on b6 is very bad, and black has no
sufficient compensation for a pawn. White should only coordinate his pieces as
soon as possible.} 27. Rd1 $6 {Too slowly. Black rooks are very active, and
white's king cannot feel safety.} ({Better was} 27. Rff1 $1 Rfe8 28. Ng1 $14 {
with advantage.}) 27... Rfe8 28. c4 {This move leads for a force draw.} ({After
} 28. Qd2 Kh8 29. Rff1 Nc8 {[%cal Gc8d6,Gd6e4] black has sufficient
compensation for a pawn.}) 28... Rxb3 $8 (28... dxc4 29. bxc4 Qb7 30. Rb1 Nxc4
31. Rxb7 Nxa5 32. Ra7 Nc4 33. Bxc6 $16) 29. cxd5 cxd5 30. Bxd5+ Nxd5 31. Qxd5+
Qf7 32. Qxf7+ Kxf7 33. Ng1 (33. Ng1 Ra3 $11) (33. Nd4 Rb4 34. Nb5 Ra8 35. Rd7+
Kg8 $11) 1/2-1/2

[Event "Corus"]
[Site "Wijk aan Zee"]
[Date "2002.01.25"]
[Round "11"]
[White "Adams, Michael"]
[Black "Gurevich, Mikhail"]
[Result "1-0"]
[WhiteElo "2742"]
[BlackElo "2641"]
[Annotator "Roiz,M"]
[PlyCount "88"]
[EventDate "2002.01.12"]
[EventType "tourn"]
[EventRounds "13"]
[EventCountry "NED"]
[EventCategory "18"]
[SourceTitle "CBM 087"]
[Source "ChessBase"]
[SourceDate "2002.03.21"]
[SourceVersion "1"]
[SourceVersionDate "2002.03.21"]
[SourceQuality "1"]

1. e4 d6 2. d4 Nf6 3. Nc3 g6 4. Be3 c6 5. Qd2 b5 6. Bd3 (6. f3 {It's main line.
}) 6... Nbd7 7. Nf3 e5 {This variation is quite popular nowdays. The idea is
that black can put his bishop on e7.} (7... Bg7 {It's another opportunity} 8.
Bh6 (8. e5 $5 dxe5 9. dxe5 Ng4 10. e6 fxe6 11. Be4 Nxe3 12. Qxe3 b4 13. Na4 Qc7
14. Nd4 $16 {[%csl Rc6,Re6,Re7] Khenkin,I-Postny,E/ISR-ch op Tel Aviv 2001}) (
8. h3 $5 e5 9. dxe5 dxe5 10. a4 b4 11. Ne2 a5 12. c3 Rb8 13. cxb4 Rxb4 14. Qc2
O-O 15. O-O Re8 16. Rfd1 $14 {[%csl Rc6][%cal Gf3d2,Gd2c4] Kolev,A-Chakov,P/
BUL-chT Varna 1995}) 8... Bxh6 (8... O-O $5 9. Bxg7 Kxg7 10. a4 (10. e5 dxe5
11. dxe5 Ng4 12. Qf4 Nc5 {[%csl Rd3]} 13. Rd1 $13) 10... b4 11. Ne2 a5 12. e5
$2 (12. c3 bxc3 13. bxc3 e5 $11) 12... dxe5 13. dxe5 Ng4 14. Qf4 Nc5 15. Rd1
Qb6 $17 {[%csl Ra4] Emms,J-Schmalts,R/Harplinge 1998}) 9. Qxh6 e5 {[%cal Gf6g4]
} 10. h3 (10. dxe5 $6 dxe5 11. h3 Qe7 12. O-O Nc5 13. Rfe1 Nfd7 14. Rad1 a6 15.
Bf1 Qf8 16. Qh4 f6 $15 {Schmidt,P-Azmaiparashvilli,Z/Frankfurt Ordix op rapid
1999}) 10... Bb7 11. O-O Nh5 12. Ne2 $1 {[%csl Yf4][%cal Ge2f4]} Qf6 13. a4 b4
14. a5 $14 {[%csl Rb4][%cal Gd4e5] De Vreugt,D-Gurevich,M/Lost Boys 2001}) 8.
dxe5 {This is standart exchange in this position but  white doesn't must to do
it immediately.} ({For example:} 8. O-O Bb7 9. h3 (9. a4 a6 10. Rad1 (10. dxe5
dxe5 11. Rad1 b4 $6 (11... Bg7 12. h3 O-O) 12. Ne2 c5 13. Ng3 Bg7 14. Bh6 O-O
15. Bxg7 Kxg7 16. Qg5 Qc7 17. Bc4 $16) 10... Be7 (10... Bg7 11. axb5 cxb5 12.
dxe5 dxe5 13. Nxb5 $5 axb5 14. Bxb5 Ba6 15. Bxa6 Rxa6 16. Nxe5 $40 {
Kupreichik-Karasev/minsk 1976}) 11. Bh6 exd4 12. Nxd4 b4 13. Nce2 c5 14. Nf3
$36 {Gelfand,B-Ponomariov,R/Biel GM 2000[Gelfand]}) 9... Bg7 10. a4 a6 11. dxe5
dxe5 12. Ne2 O-O 13. Ng3 Re8 14. c4 bxa4 15. Rxa4 $14 {[%csl Ra6,Rc6]
Stefansson,H-Ponomariov,R/EUCup 17th Panormo 2001}) (8. h3 Bb7 9. O-O a6 10.
Rfe1 Bg7 11. Bh6 Bxh6 12. Qxh6 Qe7 13. a4 Ng8 14. Qd2 Ngf6 $11 {[%cal Ge8g8]
Nadyrhanov,S-Tseshkovsky,V/Krasnodar 2000}) 8... dxe5 (8... Nxe5 $6 {is
dubious here:} 9. Nxe5 dxe5 10. h3 {[%cal Ga2a4] with clear advantage for
white.}) 9. h3 {[%csl Yg4][%cal Gh3g4] This is profilactic move against Ng4.}
Bb7 {The most logical. Now black is ready for a2-a4.} (9... Bg7 10. a4 b4 11.
Ne2 a5 12. c3 c5 (12... Rb8 13. cxb4 Rxb4 14. Qc2 O-O 15. O-O Qc7 16. Rfc1 Qb8
17. Rab1 $16 {[%csl Ra5,Rc6][%cal Ge3d2] Gdanski,J-Van Wely,L/Heraklio op 1993}
) 13. cxb4 cxb4 14. O-O O-O 15. Rfd1 Bb7 16. Bb5 $16 {[%csl Rd7,Ye5][%cal
Gd1d8,Gf3e5] Nunn,J-Gelfand,B/Munich 1991}) (9... a5 $5 10. a4 b4 11. Ne2 Qe7
12. O-O Nc5 13. Ng3 Bg7 $11 {Ye Jiangchuan-Torre,E/Shenzhen 1992}) (9... a6 10.
Bh6 $5 Bxh6 11. Qxh6 Nh5 12. O-O Qf6 {[%cal Gf6f4]} 13. a4 b4 14. Ne2 Qg7 15.
Qd2 a5 16. c3 $14) 10. a4 a6 11. O-O (11. Bh6 {is not dangerous for black in
this position:} Qe7 12. O-O Bxh6 13. Qxh6 Qf8 $1 {[%csl Gh6][%cal Yf8h6]} 14.
Qe3 Qe7 $11 {[%cal Ge8g8]}) 11... Bg7 12. Ne2 Qe7 {If black wants to put his
queen on c7 he should continue:} (12... O-O 13. Ng3 Qc7 $5 14. c4 $1 (14. Bh6
$2 {is wrong action in this kind of positions bscause white cannot hope for
serious attack:} Rfe8 15. Nf5 $6 Bh8 16. Qg5 {[%csl Rf5,Rg5,Rh6]} c5 $17 {
[%csl Re4][%cal Gc5c4] Kogan,A-Van Wely,L/Heraklio op 1993})) 13. Ng3 O-O 14.
c4 Rfd8 $6 $146 {This is dubious novelty. But actually it is clear that white
is better here due to his space advantage and more comfortable development.} (
14... bxa4 15. c5 $1 $16 {[%csl Rb7,Gc5]} (15. Rxa4 c5 16. Rfa1 $14) 15... Nxc5
$140 16. Qb4 Nfd7 17. Rfc1 {[%csl Rc5]}) (14... b4 15. c5 $1 {[%csl Rb7,Gc5]}
a5 16. Qc2 Ne8 $6 (16... Ba6 $142 17. Bxa6 Rxa6 18. Rfd1 $14) 17. Rfd1 Nc7 18.
Bc4 $1 {[%csl Ye6][%cal Gc4e6] Great positional idea! Black's knight on e6
will be the only active piece.} Kh8 19. Bb3 Ne6 20. Bxe6 $1 Qxe6 21. Rd6 Qe8
22. Qd2 $16 {[%csl Ra5,Rb7,Rc6,Gd6][%cal Ge3h6] /+- Marciano,D-Leski,M/FRA-ch
Narbonne 1997}) 15. axb5 cxb5 (15... Nc5 $2 16. Qb4 $1 $18 {[%csl Rc5,Re7]
[%cal Ge3c5,Gb4e7]}) 16. cxb5 axb5 17. Rxa8 Bxa8 (17... Rxa8 $6 18. Bxb5 Nc5
19. Qb4 Bf8 20. Rc1 $1 Ncxe4 21. Qxe7 Bxe7 22. Nxe4 Bxe4 23. Nxe5 $16 {with
just extra pawn for white.}) 18. Qa5 $1 {[%csl Ga5,Ra8,Rb5,Rd8][%cal Gd3b5]
Great! This is the best square for queen.} (18. Ra1 $5 {it's interesting
alternative. For example:} b4 19. Ra4 Bf8 20. Ra7 {with clear advantage for
white.}) 18... b4 $8 19. Rc1 $1 $16 {[%cal Gc1c7] Full domination! Black's
pieces cannot move comfortably.} Ne8 {[%csl Yc7][%cal Ge8c7]} 20. Bd2 $1 Rb8 {
What else?} (20... b3 $2 21. Bb4 Qf6 22. Bb5 $18 {[%cal Gc1d1]}) 21. Bb5 {
[%csl Rb4][%cal Gd2b4]} Ndf6 (21... Bf8 22. Bxd7 Qxd7 23. Qxe5 $16 {And black
has some practise chanses for surviving.}) 22. Bxb4 Qb7 23. Bxe8 Nxe8 24. Rc4 {
[%csl Ra8,Re5,Rg7][%cal Gf3e5] Now white has just extra pawn with better
position!} f6 25. Nd2 $1 {[%cal Gg3f1,Gf1e3] Right! white's knight will get
his ideal square on e3.} Qd7 {[%cal Ga8b7,Gb8a8]} ({Maybe} 25... Bh6 $5 {
[%csl Rd2,Ye3,Gh6][%cal Gh6e3] was slighty better.}) 26. Ngf1 Bb7 27. Ba3 $1 {
[%cal Ga5c3] Michael plays very accurately!} (27. Ne3 $6 Ra8 28. Qc5 Bh6 29.
Ng4 Bxd2 $140 $4 (29... Bg7 $1 {and it's not easy to see how white can make
some progress here.}) 30. Qf8#) 27... Ra8 28. Qc3 Rd8 {Black tries to activate
his pieces but it's not possible in this game!} 29. Nb3 $1 {[%cal Gb3c5]} Qf7
30. Nc5 {[%csl Gc5]} Ba8 {[%csl Ra8]} 31. Ne3 Nd6 32. Qa5 {[%csl Ga5,Ya8,Rd8]
[%cal Ga5d8,Ga5a8] It is the key square for the gueen in this game!} Rc8 33.
Rb4 f5 $6 {White's pieces are more active and this move only helps for white.}
({The passive} 33... Bf8 {was better.}) 34. Qa6 $1 {[%csl Yc8,Rd6][%cal Ga6d6,
Ga6c8]} Rd8 $8 (34... Bf8 35. Rb6 $18 {[%csl Yc8,Rd6][%cal Gb6d6,Ga6c8]}) 35.
Qb6 $1 Bf6 (35... Qe8 36. Ne6 $1 $18) 36. Ra4 Nc8 (36... Bxe4 37. Ra7 Qe8 38.
Nxe4 Nxe4 39. f3 $18 {[%csl Re4,Yf6][%cal Gb6f6]}) 37. Qa6 Nd6 38. Qb6 $138 Nc8
39. Qa6 (39. Qxd8+ Bxd8 40. Rxa8 Qc7 $8 41. exf5 $16 {[%cal Gc5e6]}) (39. Qe6
$5 Bxe4 40. Qxf7+ Kxf7 41. Nxe4 fxe4 42. Rxe4 $18) 39... Nd6 40. exf5 gxf5 (
40... Nxf5 41. Ne6 $1 $18 {[%csl Ra8,Rd8][%cal Ge6d8,Ga6a8]}) 41. Nd3 Bb7 (
41... e4 42. Nf4 $1 $18 {[%csl Ra8,Yd6,Ge3,Gf4,Rf5][%cal Ga3d6,Ga6d6]} (42.
Bxd6 $6 exd3 {with some practise chanses for black in this complications.}))
42. Qb6 Ne4 (42... e4 43. Ne5 $1 Qe8 44. Bxd6 Qxa4 45. Qxb7 $18 Rxd6 46. Qf7+
Kh8 47. Qf8#) (42... Nc8 43. Qb5 $18 {[%csl Re5,Rf5]}) 43. Nxe5 $1 {[%csl Yd8]
[%cal Gb6d8]} Rd1+ (43... Qa2 44. Rxe4 $1 $18 {[%csl Rf6][%cal Gb6f6]}) 44.
Nxd1 Bxe5 {[%cal Ga4a7][%mdl 2096]} 1-0

[Event "Dos Hermanas-B"]
[Site "Dos Hermanas"]
[Date "2003.03.28"]
[Round "1"]
[White "Moreno Carnero, Javier"]
[Black "Franco Ocampos, Zenon"]
[Result "1-0"]
[WhiteElo "2508"]
[BlackElo "2506"]
[Annotator "Roiz,M"]
[PlyCount "87"]
[EventDate "2003.03.28"]
[EventType "tourn"]
[EventRounds "9"]
[EventCountry "ESP"]
[EventCategory "10"]
[SourceTitle "CBM 095"]
[Source "ChessBase"]
[SourceDate "2003.07.25"]
[SourceVersion "1"]
[SourceVersionDate "2003.07.25"]
[SourceQuality "1"]

1. e4 d6 2. d4 Nf6 3. Nc3 g6 4. Be3 c6 5. Qd2 b5 6. Bd3 Nbd7 7. Nf3 e5 {
Black is waiting with development of Bf8. Sometimes he can even put it on e7.}
8. dxe5 ({Another plan is to keep the pressure in the centre:} 8. O-O Bb7 9. a4
a6 10. Rad1 Be7 (10... Bg7 11. axb5 cxb5 12. dxe5 dxe5 13. Nxb5 axb5 14. Bxb5
Ba6 15. Bxa6 Rxa6 16. Nxe5 Qc8 17. Qd4 Nxe5 18. Qxe5+ Re6 19. Qb5+ $40 {
1-0 Kupreichik-Karasev,V/Minsk 1976 (33)}) 11. Bh6 exd4 12. Nxd4 b4 13. Nce2 c5
14. Nf3 Qc7 15. Nf4 Ne5 16. Nxe5 dxe5 17. Nd5 $36 {-see comments to Gelfand,
B-Ponomariov,R/Biel GM 2000 [Gelfand]}) 8... dxe5 9. h3 Bb7 {Quite the best
move.} (9... Bg7 10. a4 b4 11. Ne2 a5 12. c3 c5 (12... Rb8 13. cxb4 Rxb4 14.
Qc2 O-O 15. O-O Qc7 16. Rfc1 Qb8 17. Rab1 Qa8 18. Bd2 Rb8 19. Ng3 $16 {[%csl
Ra5,Rc6] 1-0 Gdanski,J-Van Wely,L/Heraklio op 1993}) 13. cxb4 cxb4 14. O-O O-O
15. Rfd1 Bb7 16. Bb5 $16 {1-0 Nunn,J-Gelfand,B/Munich 1991}) 10. O-O Bg7 (10...
Qc7 11. Bh6 (11. a4 $5 a6 12. Ne2 {[%cal Ge2g3,Gc2c4]}) 11... Bxh6 12. Qxh6 Qd6
13. a4 a6 14. axb5 cxb5 15. Rfe1 Qf8 16. Qe3 Qb4 17. Nd5 Bxd5 18. exd5 O-O 19.
Nxe5 Nxe5 20. Qxe5 Rae8 21. Qc3 Nxd5 $11 {1/2-1/2 Kozakov,M-Kuzmin,G/EUCup
18th Halkidiki 2002}) 11. a4 a6 12. Ne2 {The best plan in this type of
positions. White wants to put his knight on g3-after that he could play c2-c4
with serious space advantage.} Qe7 (12... O-O 13. Ng3 Qc7 (13... Re8 14. c4
bxa4 15. c5 Bf8 16. Rfc1 a5 17. Rxa4 Qc7 18. Qc3 Ba6 19. Bxa6 Rxa6 20. Qc4 Ra7
21. Ne1 Rea8 22. Nd3 Ne8 23. Rca1 Ng7 24. Nf1 Ne6 25. Nd2 $16 {1-0 Stefansson,
H-Ponomariov,R/EUCup 17th Panormo 2001}) 14. Bh6 $6 (14. c4 {Roiz,M} bxa4 15.
Rxa4 c5 16. Qa5 $14) 14... Rfe8 15. Nf5 $6 Bh8 16. Qg5 c5 17. Rfd1 c4 18. Be2
Bxe4 19. Nd6 Bxc2 20. Nxe8 Rxe8 21. Rdc1 Bf5 22. axb5 axb5 23. Qd2 Nc5 $17 {
0-1 Kogan,A-Van Wely,L/Heraklio op 1993}) 13. Ng3 Nc5 $6 {[%csl Ra4][%cal
Gc5a4] Black tries to prevent the unpleasant c2-c4 with tradicional pressure.
The following game shows that this plan is too risky for black.} ({More
popular is} 13... O-O 14. c4 {-see my comments to Adams,M-Gurevich,M/Corus
Wijk aan Zee 2002 [Roiz,M] 1-0}) 14. axb5 $1 $146 {[%mdl 8] This natural move
is the best.} (14. b3 Rd8 15. Qc3 Nfd7 16. Rfe1 Ne6 17. Qd2 $6 Ndc5 18. Qe2 $2
Nf4 $17 {0-1 Cabarkapa,S-Popchev,M/Vrbas 1993}) 14... cxb5 15. Bh6 $1 {That's
the drawback of 13...Nc5. White gets an opportunity to attack black pawn e5.}
O-O ({after} 15... Bxh6 16. Qxh6 Rd8 17. Rfd1 $36 {black king is not safe in
the centre.}) 16. Bxg7 Kxg7 17. Qg5 $1 Kh8 {After this move white can win a
pawn, but actually this is probably the best for black.} (17... Qe6 $6 18. Nd4
$1 (18. Nxe5 $2 h6 19. Qf4 (19. Nf5+ $4 Qxf5 $19) 19... Rfe8 20. Nf3 Rad8 21.
Rfd1 Ncxe4 $11) 18... exd4 19. Qxc5 Rad8 20. e5 (20. Rfe1 $5 $36 {[%csl Rd4]})
20... Nd7 21. Qc7 Bd5 22. f4 $16) 18. Nxe5 Rae8 $8 19. f4 Nfxe4 (19... Qd6 20.
Rad1 $1 (20. Rae1 $6 Ng8 $1 {[%cal Gf7f6,Gd6d4,Gd4b2]} (20... Qd4+ $2 21. Kh2
Nfxe4 22. Nxe4 Nxe4 23. Bxe4 Bxe4 24. Qf6+ Kg8 25. Ng4 $18) 21. Kh1 (21. Qh4
Qd4+ 22. Kh1 Qxb2 $15) 21... Ne6 $1 22. Qh4 Nxf4 $11) 20... Ncxe4 21. Bxe4 Qb6+
22. Kh2 Bxe4 23. Rd2 $36 {[%csl Rd6][%cal Gf1d1,Gd2d6] black king is not safe.}
) 20. Nxe4 Nxe4 21. Qxe7 Rxe7 22. Bxe4 Bxe4 23. Rfe1 {In this endgame black
has some chances to save the game because there is no much material on the
board.} f5 (23... f6 24. Rxe4 fxe5 25. fxe5 ({not} 25. Rxe5 $6 Rc7 $1 26. c3 b4
$1 27. cxb4 Rxf4) 25... Re6 $16) 24. Rxa6 g5 {Black tries to use the power of
his strong bishop, but his king is too weak.} (24... Rfe8 $142 {[%cal Gg6g5]}
25. h4 $1 Bxc2 26. Rb6 Bd3 (26... Be4 27. Rxb5 Rc7 28. Re2 Rec8 29. Kf2 Rc2 30.
g3 $16) 27. Re3 Bc4 28. b3 Re6 29. Rb7 $16) 25. Nd3 Rc7 (25... Rg7 26. fxg5
Rxg5 27. Nf4 Bxc2 28. Re7 $16 {[%csl Rh8][%cal Ga6a7,Gf4e6] White rooks are
very active and can create serious threats.}) (25... Rc8 26. fxg5 Rxc2 27. Nf4
Rxb2 28. Rd1 $16 {- this position is similar to the game.The king is very weak
and black has no time to push his pawn.}) 26. fxg5 Rxc2 27. Nf4 Rd8 (27... Rxb2
28. Rd1 {[%cal Gd1d7,Ga6a7]} Rc8 29. Ra7 {[%cal Gd1d7]} Rb1 30. Rxb1 Bxb1 31.
Rb7 $16) 28. Rb6 $1 {The pawn is not important in this position! White has to
activate the second rook.} Rxb2 29. Ra1 Rd7 (29... b4 30. Ra7 Kg8 31. Re6 {
[%cal Ge6e7]} Rb1+ 32. Kh2 Rf1 33. Nh5 (33. Kg3 {is also possible}) 33... Rf2
34. Nf6+ Kf8 35. Nxh7+ Kg8 36. Nf6+ Kf8 37. Nxe4 fxe4 38. Rxe4 b3 39. Rb4 b2
40. h4 $18) 30. Ra5 {This move is not bad, but white could start an attack
immediately.} (30. Rb8+ Kg7 31. Ra6 $18 {[%csl Rg7][%cal Ga6f6]}) 30... Kg8 (
30... b4 31. Rb8+ (31. Rab5 $143 Rd1+ 32. Kh2 Rdd2 33. Kg3 Bxg2 34. Rxb4 Rxb4
35. Rxb4 Be4) 31... Kg7 32. Ra6 $1 b3 33. Rf6 {[%csl Rg7][%cal Gf4h5,Gf4e6]}
Rd1+ 34. Kh2 Rxg2+ 35. Nxg2 Rd2 36. h4 $18) 31. Raxb5 Rxb5 32. Rxb5 $18 {
Black is pawn down. There is no much material on the board, but his king is
too weak and white has a simple plan of win.} Rb7 33. Ra5 {White shouldn't
change the rooks. The rest is a matter of an easy technic-white can either
create a passed pawn or activate his king.} Rb6 34. Rc5 Rb7 35. Kf2 {[%cal
Gf2g3,Gg3h4,Gh4h5,Gf2e3,Ge3d4,Gd4e5]} Rb3 36. Rc8+ Kf7 37. Rc7+ Kg8 38. Rc8+
Kf7 39. Rc7+ Kg8 40. h4 Rb7 (40... Rb2+ 41. Ke3 (41. Kg3 Rb3+ 42. Kh2 $18)
41... Bxg2 42. Nh5 Rb7 43. Nf6+ Kh8 44. Rc8+ Kg7 45. h5 Bh3 46. h6+ Kf7 47. Rh8
$18) 41. Rc8+ Kf7 42. h5 {[%cal Gg5g6,Gh5h6] Black cannot stop white pawns.}
Ke7 43. h6 Kd6 44. Re8 {[%cal Gg5g6,Ge8e6][%mdl 16]} 1-0